000
00275nam a22001217a 4500
008
181018b xxu||||| |||| 00| 0 eng d
041
_a
eng
080
_a
612.39
100
_a
10
101
_a
NUT
245
_a
Smakk Animal Clinical Nutrition
_c
Lewis.l
942
_2
udc
_c
BK
999
_c
50097
_d
50097